Statistics for Baseball Stats by Formula

Click here to take the quiz!

General Stats

  • This quiz has been taken 52 times
    (48 since last reset)
  • The average score is 7 of 13

Answer Stats

CategoryFormulaStat% Correct
BattingH/ABBatting Average
98%
Batting(H+BB+HBP)/(AB+BB+HBP+SF)On Base Percentage
82%
BattingOBP + SLGOPS
80%
Pitching(ER*9)/IPEarned Run Average
78%
BattingTB/ABSlugging Percentage
71%
All Position Players(Batting Runs + Base Running Runs +Fielding Runs + Positional Adjustment + League Adjustment +Replacement Runs) / (Runs Per Win)WAR
64%
Pitching(BB+H)/IPWHIP
64%
Pitching((13*HR)+(3*(BB+HBP))-(2*K))/IP + constantFIP
38%
Batting(((wRAA/PA + League R/PA) + (League R/PA – Park Factor* League R/PA))/ (AL or NL wRC/PA excluding pitchers))*100wRC+
29%
Batting(H – HR)/(AB – K – HR + SF)BABIP
13%
Batting(0.690×uBB + 0.722×HBP + 0.888×1B + 1.271×2B + 1.616×3B + 2.101×HR) / (AB + BB – IBB + SF + HBP)wOBA+
13%
Pitching((13*(Fly balls * lgHR/FB%))+(3*(BB+HBP))-(2*K))/IP + constantxFIP
13%
Batting((2B) + (2*3B) + (3*HR)) / ABISO
11%

Score Distribution

Percentile by Number Answered

Percent of People with Each Score

Your Score History

You have not taken this quiz since the last reset